000 00779nam a22002297a 4500
999 _c532788
_d532788
003 NUST
005 20191203095948.0
008 191203b ||||| |||| 00| 0 eng d
038 _aIESE
040 _c0
050 _a628
082 _a628
_bQUR
100 _aQureshi,Umair
_926383
245 _aRefuse plastic fuel (RPF) synthesis from plastic and organic waste
_cUmair Qureshi
260 _aIslamabad
_bIESE (SCEE) NUST
_c2019
300 _a69p.
_bH.B
440 _aMS Environmental Engineering
_91549
500 _aThesis MS EE
650 _aEnvironmental Engineering
_91550
700 _4Dr. Yousuf Jamal (Supervisor)
942 _2ddc
_cTHE
_kIESE